000 00789nam a2200241 i 4500
001 80325
003 ES-MaACL
005 20230906174205.0
007 t|
008 041027s1977 sp ||||1| spa d
100 1 _aHobsbawm, E. J. (
_d1917-2012)
_963862
245 1 3 _aLa era del capitalismo /
_cEric J. Hobsbawm ; [traducción, A. García Fluixá].
260 _a[Madrid] :
_bGuadarrama,
_c[1977]
300 _a2 v. ;
_c18 cm.
490 1 _aPunto Omega ;
_v223, 224
650 _aCapitalismo-
_vHistoria.
_9158177
650 4 _aHistoria económica-
_y1750-1918.
_9146435
700 1 _aGarcía Fluixá, Angel.
_954616
830 0 _aPunto Omega ;
_v223, 224
_9180707
852 _aES-MaACL
_jL-2397-8
_bR.103077
852 _aES-MaACL
_jP-404
_bR.96021
_q. - V.1
999 _c80325
_d80325